Разработка технологического решения по минимизации накопления донных отложений в резервуаре типа РВС-20000 кубических метров; Транспорт и хранение углеводородов, ТХУ-2022

Podrobná bibliografie
Parent link:Транспорт и хранение углеводородов, ТХУ-2022.— 2022.— [С. 116-118]
Hlavní autor: Назклычева Ф. С. Фавзия Станиславовна
Korporativní autor: Национальный исследовательский Томский политехнический университет Инженерная школа природных ресурсов Отделение нефтегазового дела
Další autoři: Федин Д. В. Дмитрий Владимирович
Shrnutí:Заглавие с экрана
Jazyk:ruština
Vydáno: 2022
Témata:
On-line přístup:https://disk.yandex.ru/i/Jtfbb3mPun69fA
Médium: Elektronický zdroj Kapitola
KOHA link:https://koha.lib.tpu.ru/cgi-bin/koha/opac-detail.pl?biblionumber=668020

MARC

LEADER 00000naa0a2200000 4500
001 668020
005 20250602144517.0
035 |a (RuTPU)RU\TPU\network\39231 
035 |a RU\TPU\network\39200 
090 |a 668020 
100 |a 20220530d2022 k y0rusy50 ca 
101 0 |a rus 
102 |a RU 
135 |a drcn ---uucaa 
181 0 |a i  
182 0 |a b 
200 1 |a Разработка технологического решения по минимизации накопления донных отложений в резервуаре типа РВС-20000 кубических метров  |f Ф. С. Назклычева, Д. В. Федин 
203 |a Текст  |c электронный 
300 |a Заглавие с экрана 
320 |a [Библиогр.: 3 назв.] 
463 |t Транспорт и хранение углеводородов, ТХУ-2022  |o тезисы докладов III Международной научно-технической конференции молодых учёных, Омск, 21 апреля 2022  |f Омский государственный технический университет  |v [С. 116-118]  |d 2022 
610 1 |a электронный ресурс 
610 1 |a труды учёных ТПУ 
610 1 |a резервуары 
610 1 |a донные отложения 
610 1 |a полимерные покрытия 
610 1 |a очистка 
610 1 |a растворители 
700 1 |a Назклычева  |b Ф. С.  |g Фавзия Станиславовна 
701 1 |a Федин  |b Д. В.  |c специалист в области нефтегазового дела  |c доцент Томского политехнического университета, кандидат технических наук  |f 1987-  |g Дмитрий Владимирович  |3 (RuTPU)RU\TPU\pers\28650  |9 13466 
712 0 2 |a Национальный исследовательский Томский политехнический университет  |b Инженерная школа природных ресурсов  |b Отделение нефтегазового дела  |3 (RuTPU)RU\TPU\col\23546 
801 2 |a RU  |b 63413507  |c 20220530  |g RCR 
850 |a 63413507 
856 4 |u https://disk.yandex.ru/i/Jtfbb3mPun69fA  |z https://disk.yandex.ru/i/Jtfbb3mPun69fA 
942 |c CF